States in Morse Code Quiz Stats

 Plays Quiz not verified by Sporcle

Score 0/50 Timer 10:00
0 Plays Today
% Correct
North Carolina
42.1%
South Dakota
41.9%
North Dakota
41.4%
South Carolina
40%
New Mexico
39.3%
Texas
39.3%
California
38.9%
Ohio
38.7%
Iowa
38.5%
Idaho
38.1%
Mississippi
38.1%
New York
38.1%
Oregon
37.8%
Kansas
37%
Oklahoma
36.8%
Tennessee
36.8%
Colorado
36.6%
Missouri
36.2%
Utah
36.2%
Montana
35.9%
Washington
35.7%
Arkansas
34.7%
New Hampshire
34.7%
New Jersey
34.7%
Illinois
34.2%
% Correct
Maine
34%
West Virginia
33.8%
Rhode Island
32.8%
Massachusetts
32.3%
Indiana
31.9%
Nebraska
31.1%
Louisiana
30.9%
Pennsylvania
30.9%
Michigan
30.4%
Nevada
30.4%
Wyoming
30.4%
Wisconsin
29.6%
Arizona
29.4%
Minnesota
29.4%
Georgia
28.8%
Kentucky
28.3%
Hawaii
27.9%
Virginia
27.9%
Alaska
27.7%
Alabama
27.5%
Florida
27.5%
Connecticut
26.6%
Vermont
26.6%
Maryland
26.4%
Delaware
23.7%

You're not logged in!

Compare scores with friends on all Sporcle quizzes.
OR
Log In

Show Comments

Extras

Top Quizzes Today


Score Distribution

Your Account Isn't Verified!

In order to create a playlist on Sporcle, you need to verify the email address you used during registration. Go to your Sporcle Settings to finish the process.

Report this User

Report this user for behavior that violates our Community Guidelines.

Details: